00550 2200205 4500001002100000005001500021035002000036245007200056100001700128250001100145300002200156700001700178260003800195082001000233084001600243020001800259008004100277650001000318990001600328INLIS00000000000145820251127094640 a0010-01250000191 aPermasalahan Walet Dan Solusinya :bSeri Agrisolusi /cPhilip Yamin0 aPhilip Yamin aCet II a72 hal ;c20,5 cm0 aRudi Hartono aJakarta :bPenebar Swadaya,c2002 a636.6 a636.6 PHI p a979-489-664-0251127 0 ind  4aWalet a00000003546